• 首页
  • 本馆介绍
  • 公告通知
  • 最新文献
  • 馆藏检索
  • 电子资源
  • 读者导购
  • 参考咨询
  • 我的图书馆
  • 登录
  • 详细信息显示
  • 放入我的书架
  • 预约/预借图书
  • 作者相关作品
  • 分类相关作品
  • 丛书相关作品
  • 出版社相关作品

书目信息

  • 表格格式
  • 工作单格式
  • 卡片格式
题名:
日军侵华的自白
    
 
作者: ;祖秉和 , 霍军 译 ;日本从中国归还人员联络会 编
分册:  
出版信息: 北京   群众出版社  1985
页数: 172页
开本: 19cm
丛书名:
单 册:
中图分类: K265.6 , K264.306
科图分类:
主题词: 侵华事件--日本--史料 , 中国--历史
电子资源:
ISBN:
000 00906nam0 2200313 45
001 0185008927
005 20040519082404.2
010    @dCNY0.95
091    @a3067.263
100    @a19901005d1985 mk y0chiy0121 ea
101 1  @achi@cjpn
102    @aCN@b110000
105    @ay z 000yy
106    @ar
200 10 @a日军侵华的自白@Ari jun qin hua de zi bai@f日本从中国归还人员联络会编@g祖秉和,霍军译
210    @a北京@c群众出版社@d1985
215    @a172页@d19cm
300    @a根据1982年日文本译出
606    @a侵华事件@y日本@x史料
606 0  @a中国@x历史
610 0  @a日军
690    @aK265.6@v3
690    @aK264.306
702  0 @a祖秉和@Azu bing he@4译
702  0 @a霍军@Ahuo jun@4译
711 02 @a日本从中国归还人员联络会@Ari ben cong zhong guo gui hai ren yuan lian luo hui@4编
801  0 @aCN@b深圳图书馆@c20040519
801  2 @aCN@bNLC@c20040519
905    @f1@b149427@dK264.306@e22
    
    日军侵华的自白/日本从中国归还人员联络会编/祖秉和,霍军译.-北京:群众出版社,1985
    172页;19cm
    根据1982年日文本译出
    
    ISBN :CNY0.95
    
●
相关链接 在E读中查询图书 在五车中查询图书 在当当中查询图书 在豆瓣中查询图书


正题名:日军侵华的自白     索取号:K264.306/22         预约/预借

序号 登录号 条形码 馆藏地/架位号 状态 备注
1 0149427   000352978   第二借阅区/ [索取号:K264.306/22] 在馆    
2 0149428   000352969   第二样本阅览室/ [索取号:K264.306/22] 在馆    
唐山师范学院图书馆 欢迎您!
大连网信软件有限公司© 版权所有